| 000 | 00639nam a2200217 a 4500 | ||
|---|---|---|---|
| 999 |
_c4472 _d4472 |
||
| 001 | 4472 | ||
| 003 | BD-JhCC | ||
| 005 | 20180305125148.0 | ||
| 008 | 171127s1967 enka|||| |||| 000 0 eng d | ||
| 035 | _a(BD-JhCC)4472 | ||
| 040 |
_aBD-JhCC _dBD-JhCC |
||
| 041 | _aeng | ||
| 082 |
_a950.4 _bHUG 1967 |
||
| 100 | _aHugh-Jones, Stephen | ||
| 245 |
_aThe Giants of Asia : _bIndia, Pakistan, China, Japan / _cStephen Hugh-Jones. |
||
| 260 |
_aLondon : _bGeorge Allen and Unwin Ltd., _c1967. |
||
| 300 |
_a128 p. : _billus., _c21 cm. |
||
| 500 | _aIncludes Index. | ||
| 650 |
_aNationalism _zAsia _zJapan _zChina _zPakistan _zIndia |
||
| 942 |
_2ddc _cBK |
||